The 'White' Quiz II Stats

Quiz Updated Sep 7, 2015

Also try: The White Quiz
Challenge
Share
Tweet
Embed
Score 0/30 Timer 06:00
0 Plays Today
Clue Answer % Correct
Bing Crosby movie or its famous carolWhite Christmas
96.3%
Pinot blanc, Chardonnay, or Soave, e.g.white wine
95.1%
It helps the body fight infection (leukocyte)white blood cell
94.2%
Loaf made from bleached wheat flourwhite bread
93.7%
This is what Moby-Dick waswhite whale
90.9%
Sorcery used only for good purposeswhite magic
89.7%
Large striped Bengal cat or an '80s metal bandWhite Tiger
84.5%
Purified crystalline sucrosewhite sugar
80.3%
The solution of albumen that surrounds the yolkegg white
79.8%
A Zadie Smith novel or the goal of your dentistWhite Teeth
77.8%
A confection made only of cocoa butter, sugar and milk solidswhite chocolate
76.4%
Offensive term for impoverished caucasianswhite trash
75.8%
The standard attire of a doctor at a hospitalwhite coat
73.1%
An alloy of Au (with usually palladium or nickel)white gold
73%
Jefferson Airplane song or Lewis Carroll characterWhite Rabbit
65.2%
Clue Answer % Correct
The blank parts of a page around all the textwhite space
56.7%
Experiencing tense nervousness, like when on amusement park ridewhite-knuckle
52.5%
Common grain with the hull and bran removedwhite rice
49.8%
Heavy, hard, light-colored woodwhite oak
49%
1991 Michael Jackson #1 hit with a video featuring Macaulay CulkinBlack or White
46.4%
The result of adding milk to a roux (of butter and flour)white sauce
46.2%
New Hampshire rangeWhite Mountains
44.7%
Pungent condiment ground without its dark huskwhite pepper
44.3%
Matt Bomer USA show about a con artist working with the FBIWhite Collar
42%
Common uniform of the US Navyservice dress whites
36%
Famous river that flows NE to KhartoumWhite Nile
35.5%
Game of Thrones mythological raceWhite Walkers
35.2%
Heraldic device of the Plantagenet 'House of York'white rose
30.6%
Company that is a friendly acquirer in takeoverwhite knight
29.1%
Nickname for the theater district section of BroadwayThe Great White Way
25.2%

You're not logged in!

Compare scores with friends on all Sporcle quizzes.
Sign Up with Email
OR
Log In

You Might Also Like...

Show Comments

Extras

Top Quizzes Today


Score Distribution

Your Account Isn't Verified!

In order to create a playlist on Sporcle, you need to verify the email address you used during registration. Go to your Sporcle Settings to finish the process.